000 00406pab a2200169 454500
008 180718b2004 xxu||||| |||| 00| 0 eng d
100 _aKhandwalla, Pradip N.
245 _aDesign of corporate creativity
260 _c2004
300 _ap.13-28.
362 _aJan-Mar
650 _aOrganizations
650 _aCorporate governance
700 _aMehta, Kandarp
773 _aVikalpa
909 _a60760
999 _c60760
_d60760